Taller de recuperación de la Maestría en Ingeniería para la Calidad [de Raúl López Agredano] /

I tiakina i:
Ngā taipitopito rārangi puna kōrero
Kaituhi matua: López Agredano, Raúl (autor)
Hōputu: Tuhinga whakapae Pukapuka
Reo:Pāniora
Ngā marau:
Ngā Tūtohu: Tāpirihia he Tūtohu
Kāore He Tūtohu, Me noho koe te mea tuatahi ki te tūtohu i tēnei pūkete!

MARC

LEADER 00000nam^a2200000^a^4500
001 000167581
005 20250521000000.0
009 20260310101130.869
037 |a Acervo ITESO - Biblioteca 
041 |a ESP 
090 |a MIC. 9 
100 |a López Agredano, Raúl  |e (autor) 
245 1 0 |a Taller de recuperación de la Maestría en Ingeniería para la Calidad [de Raúl López Agredano] /  |c R. López Agredano. 
264 |a Guadalajara, México :  |b edición de autor,  |c 2004 
300 |a 1 disco compacto de computadora 
336 |a datos para computadora  |b cod  |2 rdacontenido 
337 |a computadora  |b c  |2 rdamedio 
338 |a disco de computadora  |b cd  |2 rdasoporte 
502 |a ITESO Reporte de Posgrado para Maestría en Ingeniería para la Calidad 
649 |a XX 
650 |a Ingenieros Industriales -  |x Prácticas Profesionales 
650 |a Empresas -  |x Administración 
650 |a Desarrollo Profesional 
650 |a Formación y Capacitación Laboral 
650 |a Recursos Humanos 
650 |a Competitividad 
650 |a Proceso de Producción 
650 |a Planeación Estratégica 
650 |a Planeación Administrativa 
650 |a Proceso Administrativo -  |x Dirección 
650 |a Mercadotecnia 
650 |a Administración 
650 |a Ciencias Administrativas 
650 |a Ingeniería Industrial 
910 |a Fondo General 
920 |a Electrónicos - Tesis del ITESO en Disco 
905 |a 202 
901 |a 0500103875  |b IT2  |c STS  |u 20250521 
902 |a https://opac.biblio.iteso.mx/vufind/Record/000167581